| Tag |
First Indicator |
Second Indicator |
Subfields |
| LEADER |
00000cam a22000004a 4500 |
| 001 |
in00001507607 |
| 005 |
20151021095645.0 |
| 008 |
981118s1998 dk b 000 0 eng c |
| 020 |
|
|
|a 8778383315
|
| 035 |
|
|
|a (OCoLC)40365491
|
| 035 |
|
|
|9 AJK8103AM
|
| 040 |
|
|
|a OHX
|c OHX
|d AZS
|d TXA
|d UtOrBLW
|
| 042 |
|
|
|a pcc
|
| 049 |
|
|
|a TXAM
|
| 050 |
|
4 |
|a BL51
|b .R38 1998
|
| 072 |
|
7 |
|a B
|2 lcco
|
| 072 |
|
7 |
|a BT
|2 lcco
|
| 245 |
0 |
4 |
|a The return of God :
|b theological perspectives in contemporary philosophy /
|c edited by Niels Grønkjær.
|
| 264 |
|
1 |
|a Odense :
|b Odense University Press ;
|c 1998.
|
| 264 |
|
2 |
|a Portland, OR :
|b Distributed in the United States and Canada by International Specialized Book Service,
|
| 300 |
|
|
|a 159 pages ;
|c 23 cm.
|
| 336 |
|
|
|a text
|b txt
|2 rdacontent
|
| 337 |
|
|
|a unmediated
|b n
|2 rdamedia
|
| 338 |
|
|
|a volume
|b nc
|2 rdacarrier
|
| 500 |
|
|
|a "Originally presented at a European Summer School ... in Northern Jutland, Denmark, in June 1994."--P. 8.
|
| 504 |
|
|
|a Includes bibliographical references.
|
| 505 |
0 |
|
|a History of salvation, history of interpretation / Gianni Vattimo -- Experience of the divine / Michael Teunissen -- The same and the other / Jean Greisch -- The inversion of gnosis / Manfred Sommer -- Self-assertion as a category of the human? / Susanne Ludemann -- Theology's gift and the hermeneutics of the trace / Luca D'Isanto -- Science as provocation / Franz Josef Wetz.
|
| 650 |
|
0 |
|a Philosophy and religion.
|
| 650 |
|
0 |
|a Theology.
|
| 650 |
|
0 |
|a Philosophy, Modern
|y 20th century.
|
| 700 |
1 |
|
|a Grønkjær, Niels.
|
| 948 |
|
|
|a c:jlg
|
| 999 |
|
|
|a MARS
|
| 999 |
f |
f |
|s 28ff2dae-76b4-3226-9965-5a1794efedd6
|i 9ef1d721-ecdd-3cf2-bc3d-c80c0254bef1
|t 0
|
| 952 |
f |
f |
|p ric
|a Texas A&M University
|b Rellis Campus
|c Joint Library Facility
|d Remote Storage
|t 0
|e BL51 .R38 1998
|h Library of Congress classification
|i unmediated -- volume
|m A14824245001
|
| 998 |
f |
f |
|a BL51 .R38 1998
|t 0
|l Remote Storage
|